[Event "XXIV Festival Conca della Presolana A"]
[Site "Bratto - Castione della Presolana ITA"]
[Date "2004.08.22"]
[Round "3"]
[White "Mione, Dario"]
[Black "Lanzani, Mario"]
[Result "1/2-1/2"]
[WhiteElo "2256"]
[BlackElo "2365"]
[PlyCount "110"]
[EventDate "2004.08.20"]

1.e4 c5 2.Nf3 Nc6 3.d4 cxd4 4.Nxd4 Qb6 5.Nb3 Nf6 6.Nc3 e6 7.Be3 Qc7 8.a3 
a6 9.f4 d6 10.g3 b5 11.Bg2 Bb7 12.Qe2 Be7 13.O-O O-O 14.h3 Rfe8 15.Qf2 
Rac8 16.Rad1 Bf8 17.Rd2 Nd7 18.Rfd1 Na5 19.Nxa5 Qxa5 20.e5 Bxg2 21.Kxg2 d5
22.Ne2 Qc7 23.Nc1 Bc5 24.Nd3 Bxe3 25.Qxe3 Qb6 26.Qxb6 Nxb6 27.c3 a5 28.Re2
Nd7 29.Kf2 Nc5 30.Nxc5 Rxc5 31.Rd4 Rb8 32.Red2 b4 33.axb4 axb4 34.cxb4 
Rcb5 35.b3 Rxb4 36.Rxb4 Rxb4 37.Ra2 h5 38.Rb2 h4 39.Kf3 hxg3 40.Kxg3 Kh7 
41.Kg4 Kg6 42.h4 f6 43.exf6 Kxf6 44.Re2 Rxb3 45.h5 Rb8 46.Rh2 Rh8 47.Ra2 
Rd8 48.Ra6 Ke7 49.f5 exf5+ 50.Kxf5 d4 51.h6 gxh6 52.Rxh6 d3 53.Rh1 Kd6 54.
Ke4 Kc5 55.Ke3 Kc4 1/2-1/2

[Event "XXIV Festival Conca della Presolana A"]
[Site "Bratto - Castione della Presolana ITA"]
[Date "2004.08.22"]
[Round "3"]
[White "Moncelli, Giorgio"]
[Black "Raselli, Claudio"]
[Result "1-0"]
[WhiteElo "2141"]
[BlackElo "2061"]
[PlyCount "85"]
[EventDate "2004.08.20"]

1.d4 d5 2.c4 e6 3.Nc3 Nf6 4.Nf3 Nbd7 5.e3 Be7 6.Bd3 O-O 7.O-O c6 8.b3 b6 
9.Bb2 Bb7 10.Qe2 c5 11.Rfd1 cxd4 12.exd4 Rc8 13.Rac1 Bd6 14.Ne5 Qe7 15.Nb5
a6 16.Nxd6 Qxd6 17.Bb1 Rfd8 18.Re1 Qe7 19.Rcd1 Nxe5 20.dxe5 Nd7 21.cxd5 
exd5 22.f4 Nc5 23.Bf5 Rc7 24.Bd4 g6 25.Bb1 Rdc8 26.f5 b5 27.e6 Ne4 28.
exf7+ Qxf7 29.fxg6 hxg6 30.Rf1 Qe7 31.Qg4 Qe8 32.Rf3 Rc1 33.Rh3 Rxd1+ 34.
Qxd1 Qe6 35.Rh8+ Kf7 36.Rh7+ Ke8 37.Rxb7 Qc6 38.Bxe4 Qxb7 39.Bxg6+ Ke7 40.
Qe2+ Kf8 41.Qe3 Qc6 42.Qh6+ Ke7 43.Qg7+ 1-0

[Event "XXIV Festival Conca della Presolana A"]
[Site "Bratto - Castione della Presolana ITA"]
[Date "2004.08.22"]
[Round "3"]
[White "Nieus, Thierry"]
[Black "Bianco, Raffaele"]
[Result "1/2-1/2"]
[WhiteElo "2221"]
[BlackElo "2097"]
[PlyCount "27"]
[EventDate "2004.08.20"]

1.e4 e5 2.Nf3 Nc6 3.Be2 Nf6 4.d4 d6 5.Nc3 exd4 6.Nxd4 Be7 7.O-O O-O 8.f4 
Re8 9.Nxc6 bxc6 10.Bd3 d5 11.e5 Ng4 12.Qe1 Bc5+ 13.Kh1 f6 14.Qh4 1/2-1/2

[Event "XXIV Festival Conca della Presolana A"]
[Site "Bratto - Castione della Presolana ITA"]
[Date "2004.08.22"]
[Round "3"]
[White "Passoni, Carlo"]
[Black "Bonazzi, Edoardo"]
[Result "1-0"]
[WhiteElo "2286"]
[BlackElo "2115"]
[PlyCount "67"]
[EventDate "2004.08.20"]

1.e4 c6 2.d4 d5 3.Nc3 dxe4 4.Nxe4 Bf5 5.Ng3 Bg6 6.h4 h6 7.Nf3 Nd7 8.h5 Bh7
9.Bd3 Bxd3 10.Qxd3 e6 11.Bf4 Ngf6 12.O-O-O Be7 13.Kb1 O-O 14.Qe2 Qa5 15.
Ne5 Rfe8 16.Rhe1 Bb4 17.c3 Bf8 18.Ne4 Qd5 19.Nxf6+ Nxf6 20.g4 Nh7 21.c4 
Qd8 22.Bg3 Bb4 23.Rg1 f6 24.Bh4 Qc7 25.Nd3 Bd6 26.Qe3 Qf7 27.f4 Rad8 28.
Qe4 Rd7 29.Rde1 Rde7 30.g5 fxg5 31.fxg5 Qf5 32.gxh6 Qxe4 33.Rxe4 Rf7 34.
Reg4 1-0

[Event "XXIV Festival Conca della Presolana A"]
[Site "Bratto - Castione della Presolana ITA"]
[Date "2004.08.22"]
[Round "3"]
[White "Patelli, Alessandro"]
[Black "Ticozzi, Stefano"]
[Result "1-0"]
[WhiteElo "2211"]
[BlackElo "2079"]
[PlyCount "121"]
[EventDate "2004.08.20"]

1.d4 Nf6 2.c4 c6 3.Nf3 d5 4.Qc2 e6 5.g3 Bd6 6.Bg2 Nbd7 7.Nbd2 O-O 8.O-O 
Qe7 9.b3 Re8 10.Bb2 e5 11.cxd5 cxd5 12.dxe5 Nxe5 13.Nd4 Bd7 14.Nf5 Bxf5 
15.Qxf5 Ba3 16.Bd4 Bc5 17.Bxc5 Qxc5 18.Rac1 Qd6 19.Rfd1 Qa6 20.e4 g6 21.
Qg5 dxe4 22.Nxe4 Nxe4 23.Bxe4 Nc6 24.Bxc6 bxc6 25.Rd2 Re2 26.Rcd1 Rxd2 27.
Rxd2 Re8 28.Kg2 Qb7 29.Qc5 Qb6 30.Rc2 Re6 31.b4 Qb7 32.Rd2 Qb6 33.Rc2 Qb7 
34.a4 Qd7 35.Rc4 Rd6 36.Rc3 Kg7 37.Re3 Rd5 38.Qc3+ Kg8 39.a5 Rh5 40.h4 Rd5
41.Qe1 Kf8 42.Re5 h5 43.Qe3 Rxe5 44.Qxe5 Kg8 45.Qc5 Kg7 46.Kf3 Qd1+ 47.Kf4
Qg4+ 48.Ke5 Qe6+ 49.Kd4 Qd7+ 50.Kc3 Kg8 51.Qd4 Qc7 52.Kc4 Qe7 53.Qe3 Kf8 
54.Qc5 f6 55.b5 cxb5+ 56.Kxb5 Qxc5+ 57.Kxc5 Ke7 58.Kc6 g5 59.Kb7 Kd7 60.
Kxa7 Kc7 61.f4 1-0

[Event "XXIV Festival Conca della Presolana A"]
[Site "Bratto - Castione della Presolana ITA"]
[Date "2004.08.22"]
[Round "3"]
[White "Pechy, Alaster"]
[Black "Castaldo, Folco"]
[Result "0-1"]
[WhiteElo "2138"]
[BlackElo "2318"]
[PlyCount "112"]
[EventDate "2004.08.20"]

1.d4 d5 2.c4 e6 3.Nc3 Nf6 4.Bg5 Nbd7 5.e3 c6 6.cxd5 exd5 7.Qc2 Be7 8.Bd3 
Nh5 9.Bxe7 Qxe7 10.O-O-O Ndf6 11.Nf3 g6 12.h3 Ng7 13.g4 Be6 14.Ne5 O-O-O 
15.Kb1 Kb8 16.f4 Nfe8 17.f5 gxf5 18.gxf5 Bc8 19.f6 Nxf6 20.Rdf1 Be6 21.Qf2
Nge8 22.Qh4 Rc8 23.Rf3 Rc7 24.Rhf1 Ne4 25.Qxe7 Nxc3+ 26.bxc3 Rxe7 27.Nxf7 
Bxf7 28.Rxf7 Rxe3 29.Kc2 Nd6 30.Rd7 Re6 31.Rxh7 Rxh7 32.Bxh7 Rh6 33.Bf5 
Nxf5 34.Rxf5 Rxh3 35.Rf7 a5 36.Kb3 Ka7 37.Rd7 Ka6 38.Rd8 b5 39.a3 Kb6 40.
Kb2 a4 41.Rb8+ Kc7 42.Rg8 Rh2+ 43.Kb1 Kb7 44.Rf8 b4 45.axb4 a3 46.b5 Rb2+ 
47.Ka1 cxb5 48.Rf5 Kc6 49.Rf6+ Kd7 50.Rf5 Ke6 51.Re5+ Kd6 52.Rh5 Rc2 53.
Rh6+ Kc7 54.Rh5 Rxc3 55.Rxd5 b4 56.Rb5 b3 0-1

[Event "XXIV Festival Conca della Presolana A"]
[Site "Bratto - Castione della Presolana ITA"]
[Date "2004.08.22"]
[Round "3"]
[White "Piscopo, Pierluigi"]
[Black "Bellini, Fabio"]
[Result "0-1"]
[WhiteElo "2367"]
[BlackElo "2509"]
[PlyCount "114"]
[EventDate "2004.08.20"]

1.e4 d5 2.exd5 Qxd5 3.Nc3 Qa5 4.d4 Nf6 5.Bc4 Bg4 6.f3 Bh5 7.Ne2 Nc6 8.Bd2 
O-O-O 9.Nb5 Qb6 10.a4 a5 11.c3 e5 12.Qb3 exd4 13.Nbxd4 Qxb3 14.Bxb3 Ne5 
15.O-O Bc5 16.Bg5 Rhe8 17.Kh1 Nd3 18.Rad1 Bg6 19.Nf4 Bxd4 20.Nxd3 Bxc3 21.
Bc4 Bxd3 22.Rxd3 Rxd3 23.Bxd3 Bxb2 24.Rb1 Bc3 25.Bf5+ Kb8 26.Bxf6 Bxf6 27.
Be4 b6 28.Rd1 g6 29.Rd7 Rd8 30.Rxd8+ Bxd8 31.Bd5 f5 32.Bg8 h6 33.Bh7 g5 
34.Bxf5 c6 35.Kg1 Kc7 36.Kf2 Kd6 37.Ke2 Kc5 38.Kd2 Kb4 39.Bd7 Kxa4 40.
Bxc6+ Kb3 41.Bd5+ Ka3 42.Bc6 Bf6 43.g3 a4 44.Kc2 Kb4 45.f4 g4 46.Bd7 b5 
47.Bc6 Bd4 48.f5 Bf6 49.Bd7 h5 50.Bc6 h4 51.gxh4 Bxh4 52.Be8 Bf6 53.Bc6 
Be5 54.Bd7 Bxh2 55.f6 Be5 56.f7 Bg7 57.Bxg4 Ka3 0-1

[Event "XXIV Festival Conca della Presolana A"]
[Site "Bratto - Castione della Presolana ITA"]
[Date "2004.08.22"]
[Round "3"]
[White "Poropat, Marijan"]
[Black "Vancini, Edoardo"]
[Result "0-1"]
[WhiteElo "2126"]
[BlackElo "2294"]
[PlyCount "83"]
[EventDate "2004.08.20"]

1.Nf3 b5 2.g3 Bb7 3.Bg2 c5 4.O-O Nf6 5.d3 e6 6.a4 b4 7.Nbd2 Be7 8.e4 d5 9.
Re1 O-O 10.exd5 exd5 11.Ne5 Nfd7 12.f4 Nxe5 13.fxe5 Nc6 14.c3 Rb8 15.Nf3 
bxc3 16.bxc3 d4 17.c4 Bc8 18.Ng5 Bxg5 19.Bxc6 Bb7 20.Bxg5 Qxg5 21.Bxb7 
Rxb7 22.Rb1 Re7 23.Qf3 Rxe5 24.Rxe5 Qxe5 25.Rb7 Qe1+ 26.Kg2 Qa5 27.Rb5 
Qxa4 28.Rxc5 h6 29.Rc7 a5 30.c5 Qa2+ 31.Qf2 Qd5+ 32.Qf3 Qe5 33.Qf4 Qe2+ 
34.Qf2 Qxd3 35.Rd7 Qe4+ 36.Kg1 d3 37.Rd4 Qb7 38.Rxd3 Qb1+ 39.Qf1 Qc2 40.
Rd5 Rb8 41.Rd1 Qxc5+ 42.Qf2 0-1

[Event "XXIV Festival Conca della Presolana A"]
[Site "Bratto - Castione della Presolana ITA"]
[Date "2004.08.22"]
[Round "3"]
[White "Radice, Luca"]
[Black "Astengo, Corrado"]
[Result "1/2-1/2"]
[WhiteElo "2085"]
[BlackElo "2161"]
[PlyCount "28"]
[EventDate "2004.08.20"]

1.d4 d5 2.Nf3 Nf6 3.e3 Bf5 4.Bd3 Bxd3 5.Qxd3 c6 6.Nbd2 Nbd7 7.O-O e6 8.b3 
Be7 9.Bb2 O-O 10.c4 a5 11.a4 Re8 12.Rad1 Qb6 13.Rfe1 Bb4 14.Bc3 Bxc3 
1/2-1/2

[Event "XXIV Festival Conca della Presolana A"]
[Site "Bratto - Castione della Presolana ITA"]
[Date "2004.08.22"]
[Round "3"]
[White "Ranola, Yves"]
[Black "Miladinovic, Igor"]
[Result "0-1"]
[WhiteElo "2410"]
[BlackElo "2630"]
[PlyCount "46"]
[EventDate "2004.08.20"]

1.c4 e6 2.g3 d5 3.Bg2 Nf6 4.Nf3 Be7 5.O-O O-O 6.Qc2 c6 7.d3 Nbd7 8.b3 e5 
9.cxd5 cxd5 10.e4 b6 11.exd5 Ba6 12.Nfd2 Rc8 13.Nc3 b5 14.a3 Nb6 15.Qb2 b4
16.Nce4 Bxd3 17.Re1 Ng4 18.axb4 Bxb4 19.Rxa7 Nxd5 20.Rb7 Qa5 21.Nc4 Bxc4 
22.bxc4 Bxe1 23.cxd5 Bxf2+ 0-1

[Event "XXIV Festival Conca della Presolana A"]
[Site "Bratto - Castione della Presolana ITA"]
[Date "2004.08.22"]
[Round "3"]
[White "Sanchez, Joseph"]
[Black "Marchand, Francois"]
[Result "1-0"]
[WhiteElo "2453"]
[BlackElo "2267"]
[PlyCount "57"]
[EventDate "2004.08.20"]

1.e4 c6 2.d4 d5 3.f3 e6 4.Nc3 Bb4 5.Qd3 b6 6.Ne2 Ba6 7.Qe3 Nf6 8.Bd2 O-O 
9.O-O-O Be7 10.g4 b5 11.Ng3 b4 12.Nce2 Bc4 13.Kb1 a5 14.h4 a4 15.g5 Nfd7 
16.h5 Qb6 17.Nc1 c5 18.c3 a3 19.b3 cxd4 20.cxd4 Bxg5 21.Qf2 Bxd2 22.Rxd2 
Bxf1 23.Rxf1 Nc6 24.exd5 exd5 25.Nf5 g6 26.Rg1 Qd8 27.Rc2 Qf6 28.Nh6+ Kh8 
29.Ng4 {...} 1-0

[Event "XXIV Festival Conca della Presolana A"]
[Site "Bratto - Castione della Presolana ITA"]
[Date "2004.08.22"]
[Round "3"]
[White "Sardo, Gabriele"]
[Black "Rombaldoni, Axel"]
[Result "1-0"]
[WhiteElo "2202"]
[BlackElo "2063"]
[PlyCount "91"]
[EventDate "2004.08.20"]

1.e4 c5 2.Nf3 Nc6 3.Nc3 d6 4.d4 cxd4 5.Nxd4 Nf6 6.Bg5 e6 7.Qd2 a6 8.O-O-O 
Be7 9.Kb1 Bd7 10.f3 b5 11.Be3 Qb8 12.g4 h6 13.h4 Ne5 14.Bd3 b4 15.Nce2 Bb5
16.g5 Nfd7 17.gxh6 gxh6 18.f4 Nxd3 19.cxd3 Nc5 20.Nc1 Bd7 21.f5 e5 22.Ndb3
h5 23.Qg2 Bf8 24.Bg5 Qb7 25.Bf6 Rh6 26.Bg7 O-O-O 27.Nxc5 dxc5 28.Bxf8 Rxf8
29.Qg7 Rhh8 30.Qxe5 Qb6 31.Nb3 Ba4 32.Rc1 Bxb3 33.Rxc5+ Kb7 34.axb3 Rd8 
35.Rhc1 Rhe8 36.Qg3 Qd6 37.Qxd6 Rxd6 38.Rc7+ Kb6 39.Rxf7 Rxd3 40.Re1 Rh3 
41.e5 Kc6 42.e6 Kd6 43.Rd7+ Kc6 44.Rc1+ Kb6 45.Rd6+ Kb5 46.Rdc6 1-0

[Event "XXIV Festival Conca della Presolana A"]
[Site "Bratto - Castione della Presolana ITA"]
[Date "2004.08.22"]
[Round "3"]
[White "Sax, Gyula"]
[Black "Karr, Jean-Philippe"]
[Result "1/2-1/2"]
[WhiteElo "2535"]
[BlackElo "2370"]
[PlyCount "56"]
[EventDate "2004.08.20"]

1.e4 c5 2.Nf3 Nc6 3.Bb5 g6 4.Bxc6 dxc6 5.d3 Bg7 6.h3 Nf6 7.Nc3 Nd7 8.Be3 
e5 9.Qd2 h6 10.O-O Qe7 11.Nh2 Nf8 12.f4 exf4 13.Rxf4 Ne6 14.Rf2 Nd4 15.
Raf1 Be6 16.Ng4 f5 17.Nxh6 Qh4 18.exf5 gxf5 19.Nxf5 Nxf5 20.Rxf5 Bxf5 21.
Rxf5 O-O-O 22.Bxc5 Bxc3 23.Qxc3 Rhg8 24.Rf3 Qg5 25.Rf2 Rde8 26.Bd6 Qc1+ 
27.Rf1 Qe3+ 28.Rf2 Qc1+ 1/2-1/2

[Event "XXIV Festival Conca della Presolana A"]
[Site "Bratto - Castione della Presolana ITA"]
[Date "2004.08.22"]
[Round "3"]
[White "Sbarra, Marco"]
[Black "Maccagno, Giancarlo"]
[Result "1/2-1/2"]
[WhiteElo "2228"]
[BlackElo "2099"]
[PlyCount "42"]
[EventDate "2004.08.20"]

1.e4 c5 2.Nf3 e6 3.d4 cxd4 4.Nxd4 Nf6 5.Nc3 Nc6 6.Nxc6 bxc6 7.Bd3 e5 8.O-O
Be7 9.b3 O-O 10.Bb2 d6 11.Ne2 a5 12.c4 Nd7 13.Bc2 Nc5 14.f4 Qb6 15.Kh1 f6 
16.Bc3 Be6 17.Qe1 Nd7 18.Ng3 Rfb8 19.fxe5 dxe5 20.Nh5 Bf7 21.Qh4 Qe3 
1/2-1/2

[Event "XXIV Festival Conca della Presolana A"]
[Site "Bratto - Castione della Presolana ITA"]
[Date "2004.08.22"]
[Round "3"]
[White "Scacco, Mauro"]
[Black "De Marco, Walter"]
[Result "0-1"]
[WhiteElo "2117"]
[BlackElo "2053"]
[PlyCount "104"]
[EventDate "2004.08.20"]

1.e4 c5 2.Nf3 g6 3.d4 cxd4 4.Nxd4 Bg7 5.Be3 Nc6 6.Bc4 Nf6 7.Nc3 O-O 8.O-O 
d6 9.h3 Bd7 10.Bb3 Qa5 11.f4 Qh5 12.Qxh5 Nxh5 13.Rad1 Nf6 14.Nf3 Be8 15.e5
dxe5 16.fxe5 Nd7 17.e6 Nde5 18.exf7+ Bxf7 19.Nxe5 Bxe5 20.Bh6 Bg7 21.Bxg7 
Kxg7 22.Rd7 Bxb3 23.cxb3 Rxf1+ 24.Kxf1 Rb8 25.a3 Kf7 26.Ne4 Ke8 27.Rd3 Rd8
28.Rxd8+ Kxd8 29.Ng5 h5 30.Ne6+ Ke8 31.b4 Kf7 32.Nc5 b6 33.Ne4 Ke6 34.Ke2 
Nd4+ 35.Kd3 Nf5 36.Ng5+ Kd5 37.Ne4 Nd6 38.Nc3+ Ke5 39.Ne2 Nf5 40.g3 g5 41.
a4 a6 42.b3 e6 43.g4 hxg4 44.hxg4 Nh6 45.Nd4 Nxg4 46.Nc6+ Kd5 47.Nb8 a5 
48.Nd7 Ne5+ 49.Nxe5 Kxe5 50.bxa5 bxa5 51.b4 axb4 52.Kc4 b3 0-1

[Event "XXIV Festival Conca della Presolana A"]
[Site "Bratto - Castione della Presolana ITA"]
[Date "2004.08.22"]
[Round "3"]
[White "Sedina, Elena"]
[Black "Godena, Michele"]
[Result "1/2-1/2"]
[WhiteElo "2396"]
[BlackElo "2545"]
[PlyCount "143"]
[EventDate "2004.08.20"]

1.e4 e5 2.Nf3 Nc6 3.Nc3 Nf6 4.g3 Bc5 5.Bg2 d6 6.d3 a6 7.O-O O-O 8.h3 Bd7 
9.Nh4 h6 10.Be3 Bxe3 11.fxe3 g6 12.Kh2 Kg7 13.d4 Nh7 14.Nd5 Ne7 15.c4 c6 
16.Nc3 Qc7 17.Rc1 Rad8 18.Rf2 Bc8 19.Qb3 Ng8 20.Rcf1 Ng5 21.Qc2 h5 22.Nf3 
Nxf3+ 23.Bxf3 Qe7 24.Ne2 h4 25.g4 Nf6 26.Bg2 Nh7 27.Ng1 Ng5 28.Nf3 Nxf3+ 
29.Bxf3 Rde8 30.Qc3 Kg8 31.Bg2 f6 32.b4 b6 33.a3 Kg7 34.Qe1 g5 35.Qc3 Bd7 
36.Rd2 Rd8 37.Rfd1 Bc8 38.c5 dxc5 39.dxc5 bxc5 40.Qxc5 Qxc5 41.bxc5 Rxd2 
42.Rxd2 Kf7 43.Rd6 Be6 44.Rxc6 Rc8 45.Rxc8 Bxc8 46.Bf1 Ke7 47.Bc4 Kd7 48.
Bd5 a5 49.Kg2 Ba6 50.Kf2 Kc7 51.Ke1 Bd3 52.Kf2 Kb8 53.Bc6 Kc7 54.Bd5 Bb5 
55.Ke1 Kb8 56.Kf2 Ka7 57.Be6 Kb7 58.Bd5+ Ka6 59.Ke1 Ka7 60.Kf2 Kb8 61.Ke1 
Kc7 62.Kf2 Kc8 63.Ke1 Kb8 64.Kf2 Bd3 65.Bc6 Kc7 66.Bd5 Kb8 67.Bc6 Ka7 68.
Ke1 Ka6 69.Kf2 Bb5 70.Bd5 Ka7 71.Ke1 Ka6 72.Kf2 1/2-1/2

[Event "XXIV Festival Conca della Presolana A"]
[Site "Bratto - Castione della Presolana ITA"]
[Date "2004.08.22"]
[Round "3"]
[White "Shytaj, Carlo"]
[Black "Vinzoni, Andrea"]
[Result "1/2-1/2"]
[WhiteElo "2214"]
[BlackElo "2090"]
[PlyCount "75"]
[EventDate "2004.08.20"]

1.g3 Nf6 2.Bg2 d5 3.Nf3 Bg4 4.c4 c6 5.Qb3 Qb6 6.d4 dxc4 7.Qxc4 e6 8.O-O 
Be7 9.Nc3 O-O 10.Na4 Qa6 11.Qxa6 Nxa6 12.Bf4 Rfd8 13.Rfd1 Nd5 14.Rac1 Nxf4
15.gxf4 f6 16.Nc3 Nc7 17.Ne4 Nd5 18.e3 Rd7 19.Nc5 Bxc5 20.Rxc5 Rad8 21.h3 
Bh5 22.a3 Bg6 23.Rdc1 Be4 24.Nh2 Bxg2 25.Kxg2 Nb6 26.Nf3 Rd5 27.Ne1 Na4 
28.Rxd5 Rxd5 29.b3 Nb6 30.Nd3 Nd7 31.b4 Kf7 32.Nc5 Nxc5 33.bxc5 e5 34.fxe5
fxe5 35.Rb1 Kf6 36.dxe5+ Rxe5 37.Rxb7 a5 38.Ra7 1/2-1/2

[Event "XXIV Festival Conca della Presolana A"]
[Site "Bratto - Castione della Presolana ITA"]
[Date "2004.08.22"]
[Round "3"]
[White "Simeone, Giulio"]
[Black "Lapiccirella, Daniele"]
[Result "1-0"]
[WhiteElo "2024"]
[BlackElo "2104"]
[PlyCount "39"]
[EventDate "2004.08.20"]

1.c4 c6 2.e4 e5 3.Nf3 d6 4.d4 Nd7 5.Nc3 Ngf6 6.Be3 Be7 7.Be2 O-O 8.O-O 
exd4 9.Nxd4 Nc5 10.Qc2 Re8 11.b4 Ne6 12.Nf5 Bf8 13.Rad1 Qc7 14.f4 a5 15.b5
Nc5 16.b6 Qxb6 17.Nxd6 Bxd6 18.Rxd6 Nfxe4 19.Nxe4 Rxe4 20.Rb1 1-0

[Event "XXIV Festival Conca della Presolana A"]
[Site "Bratto - Castione della Presolana ITA"]
[Date "2004.08.22"]
[Round "3"]
[White "Tatai, Stefano"]
[Black "Mariano, Elia"]
[Result "1/2-1/2"]
[WhiteElo "2357"]
[BlackElo "2212"]
[PlyCount "43"]
[EventDate "2004.08.20"]

1.e4 c6 2.d4 d5 3.e5 Bf5 4.c4 e6 5.Nc3 Nd7 6.cxd5 cxd5 7.Nge2 f6 8.Ng3 Bg6
9.exf6 Ngxf6 10.Bd3 Bxd3 11.Qxd3 Bd6 12.O-O O-O 13.Bg5 Qb6 14.Rae1 Rae8 
15.Re2 a6 16.Rfe1 Bb8 17.Bxf6 Nxf6 18.Na4 Qc6 19.Nc5 e5 20.Qb3 exd4 21.Ne6
Bxg3 22.hxg3 1/2-1/2

[Event "XXIV Festival Conca della Presolana A"]
[Site "Bratto - Castione della Presolana ITA"]
[Date "2004.08.22"]
[Round "3"]
[White "Turci, Alberto"]
[Black "Pegoraro, Nicola"]
[Result "1-0"]
[WhiteElo "2023"]
[BlackElo "2065"]
[PlyCount "46"]
[EventDate "2004.08.20"]

1.f4 d5 2.Nf3 Nf6 3.e3 e6 4.d4 Be7 5.Bd3 c5 6.c3 Nc6 7.Nbd2 Bd7 8.O-O Ng4 
9.Qe2 f5 10.Ne5 Ngxe5 11.fxe5 O-O 12.Rf3 Be8 13.Nf1 Bh5 14.Bd2 Qe8 15.Ng3 
Bxf3 16.Qxf3 g6 17.Ne2 Qf7 18.Rf1 Rab8 19.Qh3 b5 20.e4 dxe4 21.Bxe4 Qe8 
22.Bc2 Qd7 23.Be3 c4 1-0

[Event "XXIV Festival Conca della Presolana A"]
[Site "Bratto - Castione della Presolana ITA"]
[Date "2004.08.22"]
[Round "3"]
[White "Vezzosi, Paolo"]
[Black "Ricci, Marco"]
[Result "1-0"]
[WhiteElo "2350"]
[BlackElo "2147"]
[PlyCount "101"]
[EventDate "2004.08.20"]

1.d4 Nf6 2.c4 g6 3.Nc3 Bg7 4.e4 d6 5.Be2 O-O 6.Be3 e5 7.Nf3 Ng4 8.Bg5 f6 
9.Bh4 Nc6 10.d5 Ne7 11.Nd2 Nh6 12.b4 f5 13.O-O c6 14.c5 Nf7 15.cxd6 Qxd6 
16.Nc4 Qxb4 17.Rb1 Qxc3 18.Bxe7 cxd5 19.Bxf8 dxc4 20.Bxg7 Kxg7 21.exf5 
Bxf5 22.Rxb7 Bd3 23.Bxd3 cxd3 24.Rb3 Qc2 25.Qxd3 Qxa2 26.Ra3 Qe6 27.Qe4 
Rd8 28.Rxa7 Rd4 29.Qe3 Qd5 30.h3 Rd3 31.Qb6 Rb3 32.Qc7 Rd3 33.Re1 e4 34.
Qf4 Rd4 35.Re7 g5 36.Qe3 Kf6 37.Rxe4 Rxe4 38.Qxe4 Qxe4 39.Rxe4 h5 40.g3 
Ne5 41.f4 Ng6 42.fxg5+ Kxg5 43.Ra4 h4 44.Ra5+ Kf6 45.Kf2 hxg3+ 46.Kxg3 Ne5
47.h4 Kf5 48.h5 Kf6 49.Ra6+ Kg7 50.h6+ Kh7 51.Kh4 1-0

[Event "XXIV Festival Conca della Presolana A"]
[Site "Bratto - Castione della Presolana ITA"]
[Date "2004.08.22"]
[Round "3"]
[White "Young, Craig A."]
[Black "Delfino, Luigi"]
[Result "0-1"]
[WhiteElo "2124"]
[BlackElo "2084"]
[PlyCount "36"]
[EventDate "2004.08.20"]

1.d4 Nf6 2.c4 c5 3.d5 b5 4.cxb5 e6 5.Nc3 exd5 6.g3 d4 7.Bg2 d5 8.Nb1 Qa5+ 
9.Nd2 Qxb5 10.Ngf3 Bd6 11.O-O O-O 12.a3 Nc6 13.b4 cxb4 14.axb4 d3 15.exd3 
Qxd3 16.Qa4 Nxb4 17.Ra3 Bd7 18.Qxb4 Qxf1+ 0-1

[Event "XXIV Festival Conca della Presolana A"]
[Site "Bratto - Castione della Presolana ITA"]
[Date "2004.08.22"]
[Round "3"]
[White "Zanellato, Lorenzo"]
[Black "Antognini, Francesco"]
[Result "1/2-1/2"]
[WhiteElo "2086"]
[BlackElo "2193"]
[PlyCount "90"]
[EventDate "2004.08.20"]

1.d4 e6 2.c4 Nf6 3.Nc3 Bb4 4.Qc2 O-O 5.a3 Bxc3+ 6.Qxc3 b6 7.Bg5 c5 8.dxc5 
bxc5 9.e3 Nc6 10.Bd3 Qa5 11.Qxa5 Nxa5 12.Bxf6 gxf6 13.Nf3 Ba6 14.Nd2 d5 
15.b4 Bxc4 16.Bxc4 Nxc4 17.Nxc4 dxc4 18.Rc1 cxb4 19.Rxc4 bxa3 20.Rg4+ Kh8 
21.Ra4 Rfb8 22.Ke2 Rb2+ 23.Kf3 Rb3 24.Rc1 Kg7 25.Rc7 a5 26.Rc5 Kf8 27.Rc7 
f5 28.h3 h5 29.Rc5 Ke7 30.Rcxa5 Rxa5 31.Rxa5 Kd6 32.Kf4 Kc6 33.Kg5 Kb6 34.
Ra8 Kb5 35.Kf6 Kb4 36.Kxf7 Rb2 37.f4 a2 38.Kxe6 Rc2 39.Rb8+ Kc4 40.Ra8 Kb4
41.Kf6 h4 42.Kg5 Rd2 43.Ra7 Rc2 44.Ra8 Rd2 45.Ra7 Rc2 1/2-1/2

[Event "XXIV Festival Conca della Presolana A"]
[Site "Bratto - Castione della Presolana ITA"]
[Date "2004.08.22"]
[Round "3"]
[White "Zoldan, Matteo"]
[Black "Bentivegna, Francesco"]
[Result "1-0"]
[WhiteElo "2103"]
[BlackElo "2250"]
[PlyCount "149"]
[EventDate "2004.08.20"]

1.e4 e5 2.Nc3 Nf6 3.Bc4 Nc6 4.d3 Bc5 5.f4 d5 6.Nxd5 Nxd5 7.Bxd5 Bxg1 8.
Rxg1 Qh4+ 9.g3 Qxh2 10.Bxc6+ bxc6 11.Be3 exf4 12.gxf4 Qh4+ 13.Kd2 Qe7 14.
Bd4 f6 15.Qh5+ Qf7 16.Qc5 Bd7 17.Rae1 Kd8 18.Re2 Re8 19.Qc3 Kc8 20.Reg2 g6
21.Bxf6 Rb8 22.b3 Rb5 23.Rg5 Re6 24.a4 Rxg5 25.Bxg5 Qf8 26.Rh1 h5 27.Rf1 
Qd6 28.Kc1 Re8 29.Bf6 c5 30.Be5 Qb6 31.Bf6 Rf8 32.Bg5 Qd6 33.Qg7 Re8 34.
Bf6 Re6 35.Be5 Qe7 36.Qxe7 Rxe7 37.Bf6 Rf7 38.Bg5 Bc6 39.Kd2 Bd7 40.Ke3 
Kb7 41.Rf2 Kc6 42.Bh4 Be6 43.Rd2 a6 44.d4 cxd4+ 45.Rxd4 Rd7 46.Be1 Rxd4 
47.Kxd4 Kd6 48.Bb4+ Kd7 49.Be1 Bg4 50.b4 Bd1 51.Kd3 Bg4 52.a5 Kd6 53.Bf2 
Bd7 54.Kd4 Bc6 55.c4 Ke6 56.Bh4 Bb7 57.b5 Kd7 58.Ke5 c5 59.Bf6 axb5 60.
cxb5 c4 61.Kd4 c3 62.Kxc3 Bxe4 63.a6 Bg2 64.Kb4 Kc7 65.Kc5 Bf1 66.Bh4 Kb8 
67.Kb6 Be2 68.Bf6 Bf1 69.Ka5 Ka8 70.b6 Bg2 71.Kb5 Bf1+ 72.Ka5 Bg2 73.b7+ 
Ka7 74.Bd4+ Kb8 75.Be5+ 1-0

[Event "XXIV Festival Conca della Presolana A"]
[Site "Bratto - Castione della Presolana ITA"]
[Date "2004.08.23"]
[Round "4"]
[White "Andreoli, Renato"]
[Black "Manzoni, Alessandro"]
[Result "0-1"]
[WhiteElo "2200"]
[BlackElo "2070"]
[PlyCount "75"]
[EventDate "2004.08.20"]

1.Nf3 d5 2.g3 c6 3.Bg2 Nd7 4.d4 e6 5.O-O Bd6 6.c4 Ngf6 7.Nbd2 O-O 8.Qc2 
Re8 9.Rd1 Qe7 10.e4 dxe4 11.Nxe4 Nxe4 12.Qxe4 e5 13.dxe5 Nxe5 14.Nxe5 Qxe5
15.Rxd6 Qxe4 16.Bxe4 Bh3 17.f3 f5 18.Bd3 Re1+ 19.Kf2 Rh1 20.Rb1 Rxh2+ 21.
Ke3 c5 22.Kf4 Re8 23.g4 fxg4 24.fxg4 Rg2 25.Rd5 Rxg4+ 26.Kf3 Rg1 27.Rg5 
Rf8+ 28.Ke4 Re1+ 29.Be3 Re8+ 30.Kf4 R1xe3 31.Rd1 h6 32.Rg6 Re1 33.Rd2 Rf8+
34.Kg3 Re3+ 35.Kh2 Rd8 36.Rg3 Rxg3 37.Bh7+ Kxh7 38.Rxd8 0-1

[Event "XXIV Festival Conca della Presolana A"]
[Site "Bratto - Castione della Presolana ITA"]
[Date "2004.08.23"]
[Round "4"]
[White "Antognini, Francesco"]
[Black "Gangemi, Salvatore"]
[Result "1-0"]
[WhiteElo "2193"]
[BlackElo "2085"]
[PlyCount "59"]
[EventDate "2004.08.20"]

1.e4 e6 2.d4 d5 3.Nd2 dxe4 4.Nxe4 Nd7 5.Nf3 Ngf6 6.Nxf6+ Nxf6 7.Bd3 c5 8.
dxc5 Bxc5 9.Bg5 Qb6 10.O-O Bd7 11.Ne5 Rd8 12.Qe2 Be7 13.Rad1 a6 14.c3 Qc7 
15.f4 O-O 16.Ng4 Qc5+ 17.Kh1 Nd5 18.Rf3 f6 19.Rh3 g6 20.Bh6 Rf7 21.Bc4 Bd6
22.Bb3 Re8 23.Qd2 b5 24.Rd3 Bc6 25.Ne3 Bxf4 26.Rxd5 Qxe3 27.Bxf4 Qe4 28.
Rd4 Qxg2+ 29.Qxg2 Bxg2+ 30.Kxg2 1-0

[Event "XXIV Festival Conca della Presolana A"]
[Site "Bratto - Castione della Presolana ITA"]
[Date "2004.08.23"]
[Round "4"]
[White "Astengo, Corrado"]
[Black "Zanellato, Lorenzo"]
[Result "1-0"]
[WhiteElo "2161"]
[BlackElo "2086"]
[PlyCount "51"]
[EventDate "2004.08.20"]

1.e4 c6 2.d4 d5 3.Nd2 dxe4 4.Nxe4 Bf5 5.Ng3 Bg6 6.h4 h6 7.Nf3 Nd7 8.h5 Bh7
9.Bd3 Bxd3 10.Qxd3 e6 11.Bd2 Ngf6 12.Qe2 Be7 13.c4 O-O 14.O-O-O c5 15.d5 
exd5 16.cxd5 Bd6 17.Nf5 Re8 18.Qd3 Ne5 19.Nxe5 Rxe5 20.Bc3 c4 21.Qf3 Re8 
22.Nxh6+ gxh6 23.Bxf6 Qd7 24.Rh4 Rec8 25.Rg4+ Kf8 26.Re1 1-0